| 000 | 00782nam a2200217Ii 4500 | ||
|---|---|---|---|
| 003 | JO-AjNU | ||
| 008 | 230605s9999||||xx |||||||||||||| ||und|| | ||
| 017 | _a10485 | ||
| 020 | _a978-977-6341-31-9 | ||
| 040 |
_aJO-AjNU _bara _erda _cJO-AjNU |
||
| 041 | _aara | ||
| 050 | 1 | 4 | _aHF5681 2011 |
| 100 | 3 |
_aحجازي، وجدي حامد, _eauthor _927611 |
|
| 245 | 0 | 0 | _aتحليل القوائم المالية في ظل المعايير المحاسبية |
| 264 | 3 | 1 | _aالاسكندرية: دار التعليم الجامعي، 2011 |
| 300 |
_a563ص _bيحتوي على ببلوغرافية من ص553-563ص |
||
| 336 |
_atext _btxt _2rdacontent |
||
| 337 |
_aunmediated _bn _2rdamedia |
||
| 338 |
_avolume _bnc _2rdacarrier |
||
| 650 | 4 |
_aالمحاسبة المالية _927612 |
|
| 999 |
_aA10610 _c14178 _d14178 |
||